00553nai a2200157Ia 4500003000900000008004100009022002200050022002300072040001600095245006300111260004000174310001200214362002600226521006900252856007400321IN-BaIIA211028c9999 xx s 000 0 eng d a1674-7348 (Print) a1869-1927 (Online) cIIA Library 0aScience China Physics, Mechanics and Astronomyh[eJournal] aBeijing, ChinabScience China Press aMonthly a46(1); 2003 - Present bSubscribed through National Knowledge Resource Consortium (NKRC) uhttps://www.springer.com/journal/11433yClick Here to Access eJournal